| 000 | 00567nam a22002177a 4500 | ||
|---|---|---|---|
| 003 | OSt | ||
| 005 | 20140310183048.0 | ||
| 008 | 130227t xxu||||| |||| 00| 0 eng d | ||
| 020 | _a9789710871070 | ||
| 050 |
_aQA39.3 _b.C114 2010 |
||
| 082 |
_aFIL 511 _bC114 2010 |
||
| 245 |
_aDiscrete mathematics _cCabero, Jonathan B. |
||
| 260 |
_aMandaluyong City _bNational Book Store _cc2010 |
||
| 300 |
_a173 p. _c25.3 cm. |
||
| 521 | _acollege students | ||
| 526 | _c1210L-1700L | ||
| 541 | _j1 | ||
| 541 | _j2 | ||
| 562 | _e2 | ||
| 942 |
_2lcc _cBK _kFIL |
||
| 999 |
_c18608 _d18608 |
||